| 000 | 00678cam a22001935a 4500 | ||
|---|---|---|---|
| 001 | ##J100637 | ||
| 008 | 000000s1899 xxk 000 0 eng u | ||
| 035 | _a(Sirsi) u100637 | ||
| 041 | 0 | _aeng | |
| 050 | 0 | 4 | _a942.393 $2 22 |
| 110 | 2 |
_aSurveyors' Institution _93783 |
|
| 245 | 0 | 0 | _aVisit of the Institution to Bristol, 26th and 27th April 1899, general programme of arrangements |
| 260 |
_aLondon _bSurveyors' Institution _c1899 |
||
| 300 |
_a38p. _bmap _c22cm. |
||
| 520 | _aProvides details of the excursions during a works visit to Bristol undertaken by members of the Institution. | ||
| 651 | 4 |
_aGreat Britain _y1707- |
|
| 690 | _aRICS SERVICES-RICS EVENTS | ||
| 942 | _n0 | ||
| 999 |
_c99727 _d99727 |
||